Cervantes y el romancero (Record no. 50608)

MARC details
000 -LEADER
campo de control de longitud fija 00812nam a2200205 i 4500
001 - NÚMERO DE CONTROL
campo de control 50608
003 - IDENTIFICADOR DE NÚMERO DE CONTROL
campo de control ES-MaACL
005 - FECHA Y HORA DE LA ÚLTIMA TRANSACCIÓN
campo de control 20251115063234.0
007 - CAMPO FIJO DE DESCRIPCIÓN FÍSICA--INFORMACIÓN GENERAL
campo de control de longitud fija t|
008 - DATOS DE LONGITUD FIJA--INFORMACIÓN GENERAL
campo de control de longitud fija 030805s1917 cu ||||1| spa d
100 0# - ENTRADA PRINCIPAL--NOMBRE DE PERSONA
Nombre de persona Chacón y Calvo, José María,
Fechas asociadas al nombre 1893-1969
9 (RLIN) 37770
245 10 - MENCIÓN DEL TÍTULO
Título Cervantes y el romancero
Resto del título : conferencia pronunciada el 10 de diciembre de 1916 en el Ateneo de la Habana /
Mención de responsabilidad, etc. José María Chacón y Calvo.
260 ## - PUBLICACIÓN, DISTRIBUCIÓN, ETC.
Lugar de publicación, distribución, etc. Habana :
Nombre del editor, distribuidor, etc. [s.n.],
Fecha de publicación, distribución, etc. 1917 (
Fabricante Imp. "El Siglo XX")
300 ## - DESCRIPCIÓN FÍSICA
Extensión 36 p. ;
Dimensiones 26 cm.
595 ## -
-- En port.: Publicada en la revista de la "Facultad de Letras y Ciencias"
600 14 - PUNTO DE ACCESO ADICIONAL DE MATERIA--NOMBRE DE PERSONA
Nombre de persona Cervantes Saavedra, Miguel de,
Fechas asociadas al nombre 1547-1616
9 (RLIN) 226514
710 2# - ENTRADA AGREGADA--NOMBRE DE ENTIDAD CORPORATIVA
Nombre de entidad corporativa o nombre de jurisdicción como elemento de entrada Ateneo de La Habana (Cuba)
9 (RLIN) 1868
852 ## - LOCALIZACIÓN
Ubicación ES-MaACL
Número de control de estantería 1540-F-9
Nota libre .- Ded. ms. del autor
Holdings
Estatus retirado Estado de pérdida Estado de daño No para préstamo Colección Biblioteca de origen Biblioteca actual Ubicación en estantería Fecha de adquisición Fuente de adquisición Total de préstamos Signatura topográfica completa Código de barras Visto por última vez Precio de reemplazo Tipo de ítem Koha
        Colección de folletos Biblioteca del Ateneo de Madrid Biblioteca del Ateneo de Madrid Depósito folletos 17/01/2008     1540-F-9 1053230 23/02/2023 23/02/2023 Folleto